Caravaneros y trashumantes en los Andes meridionales: población y familia indígena en la puna de Jujuy, 1770-1870
Na minha lista:
| Autor principal: | |
|---|---|
| Formato: | Livro |
| Idioma: | espanhol |
| Publicado em: |
Lima
Instituto de Estudios Peruanos
2004
|
| Edição: | 1a. ed |
| coleção: | Historia Andina, 28
|
| Assuntos: | |
| Tags: |
Adicionar Tag
Sem tags, seja o primeiro a adicionar uma tag!
|
MARC
| LEADER | 00000cam a2200000 a 4500 | ||
|---|---|---|---|
| 001 | UCF4438 | ||
| 003 | CL-VaPUC | ||
| 008 | 121206e20040700PE |||||||||||||||||spa|d | ||
| 020 | |a 9972511049 | ||
| 082 | 0 | 4 | |a 982.023 |b GIL |2 21 |
| 100 | 0 | |a Gil Montero, Raquel |e author |9 565994 | |
| 245 | 1 | 0 | |a Caravaneros y trashumantes en los Andes meridionales: población y familia indígena en la puna de Jujuy, 1770-1870 |
| 250 | |a 1a. ed | ||
| 300 | |a 320 p | ||
| 942 | |c BK | ||
| 945 | |d 20121206 00:00:00 |a dcastane | ||
| 260 | |a Lima |b Instituto de Estudios Peruanos |c 2004 | ||
| 650 | 7 | |a HISTORIA DE ARGENTINA SIGLOS 18-19 |2 CL-VaPUC |9 447014 | |
| 650 | 7 | |a COLONIA |2 CL-VaPUC |9 565995 | |
| 650 | 7 | |a INDIGENAS AMERICANOS |2 CL-VaPUC |9 551357 | |
| 651 | 7 | |a JUJUY |2 CL-VaPUC |9 472237 | |
| 583 | |a last modification |c 20121206 10:49:00 |k Rodrigo Vera | ||
| 490 | 0 | |a Historia Andina, 28 | |
| 999 | |c 350245 |d 350243 | ||
| 952 | |0 0 |1 0 |4 0 |6 982_023000000000000_GIL_2004 |7 0 |8 X |9 453486 |a FDOBUD |b FDOBUD |d 2019-11-22 |i 4930037 |o 982.023 GIL 2004 |p 4930037 |r 2019-11-22 |w 2019-11-22 |y BK_X |k BUD | ||